| 000 | 00514nam a2200169Ia 4500 | ||
|---|---|---|---|
| 008 | 140626s9999 xx 000 0 und d | ||
| 100 | _aRae, H. | ||
| 245 | 4 |
_aThe impact of training on teacher knowledge about children with an intellectual disability / _cH Rae ... [et al.]. |
|
| 260 | _cc2011. | ||
| 300 | _a15 : 1, page 21 | ||
| 440 | _aJournal of Intellectual Disabilities | ||
| 521 | _aSPED | ||
| 650 | _aIntellectual disability. | ||
| 650 | _aTeacher knowledge. | ||
| 650 | _aTraining. | ||
| 942 | _cSE | ||
| 999 |
_c120959 _d120959 |
||